Tatarstán a Rusové Konfliktní pohled na historii

Konfliktný pohľad na históriu vzťahu Rusov k Tatarom. Úloha islamu v Tatarstáne. Zásadné prvky tatarskej národnej ideológie. Boj o nezávislosť.

Salvato in:
Dettagli Bibliografici
Autore principale: Klípa, Ondřej
Natura: Capitolo di libro
Lingua:ceco
Soggetti:
Tags: Aggiungi Tag
Nessun Tag, puoi essere il primo ad aggiungerne!!

MARC

LEADER 00000naa a2200000 4500
001 r048071
005 20231004105530.7
041 0 |a cze 
044 |a CZ 
245 1 0 |a Tatarstán a Rusové  |b Konfliktní pohled na historii  |c Ondřej Klípa 
520 |a Konfliktný pohľad na históriu vzťahu Rusov k Tatarom. Úloha islamu v Tatarstáne. Zásadné prvky tatarskej národnej ideológie. Boj o nezávislosť. 
610 2 0 |a politika medzinárodná 
610 2 0 |a Rusko 
610 2 0 |a Kazachstan 
610 2 0 |a história 
610 2 0 |a nezávislosť 
610 2 0 |a islam 
610 2 0 |a identita 
610 2 0 |a vzťahy politické medzinárodné 
610 2 0 |a konflikty medzinárodné 
610 2 0 |a Tatarstán 
100 1 |a Klípa, Ondřej